| 000 | 00751nam a2200253Ia 4500 | ||
|---|---|---|---|
| 003 | OSt | ||
| 005 | 20220925223041.0 | ||
| 006 | a|||||r|||| 00| 0 | ||
| 007 | ta | ||
| 008 | 220923b |||||||| |||| 00| 0 eng d | ||
| 020 | _a0415137640 | ||
| 037 | _cGeneral Book | ||
| 040 |
_aRTL _cRTL _beng |
||
| 041 |
_2eng _aeng |
||
| 082 | _aU8.1(X).N9, N8 | ||
| 100 |
_aMunt Ian _9288828 |
||
| 245 | 0 |
_aTourism and sustainability _b New toursim in the third world |
|
| 260 |
_aLondon _bRoutledge _c1998 |
||
| 300 |
_axvii, 363p Bibliography: P 339-54 _ccm. |
||
| 650 | _aTourism Geography | ||
| 700 |
_a Mowforth Martin _9288829 |
||
| 942 |
_hU8.1(X).N9, N8 _cGB _2CC |
||
| 999 |
_c578490 _d578490 |
||